000 00564nam a2200229Ia 4500
003 OSt
005 20221005114915.0
006 a|||||r|||| 00| 0
007 ta
008 221004b |||||||| |||| 00| 0 kan d
024 _a61893
037 _cTextual
040 _aCRL
_cCRL
_bkan
041 _2kan
_akan
082 _aY1:1.2.J1, 33K7
100 _aRatnakara Au.
_9626736
245 0 _aBharateshavibhava
260 _c1967
650 _aSOCIOLOGY
942 _hY1:1.2.J1, 33K7
_cTEXL
_2cc
999 _c1032778
_d1032778